साठ बरस सौ रंग / (Record no. 47949)

MARC details
000 -LEADER
fixed length control field 01166nam a22002897a 4500
005 - DATE AND TIME OF LATEST TRANSACTION
control field 2010092809249.0
008 - FIXED-LENGTH DATA ELEMENTS--GENERAL INFORMATION
fixed length control field 100915t xxu||||| |||| 00| 0 hin d
010 ## - LCCN (DPL NO)
LC control number HIN-90648
020 ## - INTERNATIONAL STANDARD BOOK NUMBER
Terms of availability 300.00
International Standard Book Number 8188693367
035 ## - SYSTEM CONTROL NUMBER
System control number HN-62994
037 ## - SOURCE OF ACQUISITION
Source of stock number/acquisition DBAD / PUB
040 ## - CATALOGING SOURCE
Original cataloging agency DPL
Language of cataloging HN
082 ## - DEWEY DECIMAL CLASSIFICATION NUMBER
Classification number 821
100 ## - MAIN ENTRY--PERSONAL NAME
9 (RLIN) 20178
Personal name शर्मा, केशवदेव
245 ## - TITLE STATEMENT
Title साठ बरस सौ रंग /
Statement of responsibility, etc केशवदेव शर्मा
246 ## - VARYING FORM OF TITLE
Title proper/short title Saath baras sau rang
Remainder of title by Keshavdev Sharma
260 ## - PUBLICATION, DISTRIBUTION, ETC. (IMPRINT)
Place of publication, distribution, etc दिल्ली
Name of publisher, distributor, etc मित्तल एण्ड सन्स
Date of publication, distribution, etc 2009
270 ## - ADDRESS
Address 80, विजय ब्लॉक, लक्ष्मीनगर
City दिल्ली
Postal code 110092
Telephone number 011-22756734
300 ## - PHYSICAL DESCRIPTION
Extent 223पृ.
Dimensions 22सेमी (सजिल्द)
650 ## - SUBJECT ADDED ENTRY--TOPICAL TERM
9 (RLIN) 1159
Topical term or geographic name as entry element हिन्दी कविता
650 ## - SUBJECT ADDED ENTRY--TOPICAL TERM
Topical term or geographic name as entry element Hindi Poetry
9 (RLIN) 22205
700 ## - ADDED ENTRY--PERSONAL NAME
9 (RLIN) 20179
700 ## - ADDED ENTRY--PERSONAL NAME
9 (RLIN) 20333
700 ## - ADDED ENTRY--PERSONAL NAME
9 (RLIN) 20540
942 ## - ADDED ENTRY ELEMENTS (KOHA)
Source of classification or shelving scheme Dewey Decimal Classification
Item type Hindi Books
Call number suffix शर्माके
Classification part 821
Holdings
Withdrawn status Lost status Source of classification or shelving scheme Damaged status Not for loan Collection code Home library Current library Date acquired Source of acquisition Cost, normal purchase price Total Checkouts Full call number Barcode Date last seen Copy number Cost, replacement price Koha item type
    Dewey Decimal Classification   Not For Loan Non-fiction D.B.Act.Division D.B.Act.Division 28/09/2010 DBAD / PUB 300.00   821 शर्माके HN-62994 28/09/2010 1 300.00 Hindi Books

© Delhi Public Library
Hit Counter
free hit counter